| 000 | 00707cam a2200217 4500 | ||
|---|---|---|---|
| 001 | WB3628-33 | ||
| 008 | 000000n2000 000 0 eng u | ||
| 035 | _a(Sirsi) u107226 | ||
| 245 | _aParking charges | ||
| 260 | _c2000 | ||
| 490 |
_aNew Civil Engineer _v13 July 2000, 5(1) |
||
| 520 | _aNottingham CC is set to be the first local authority to charge employers for workplace parking spaces. The scheme will be phased in from 2003 and start at £150 a year per space. | ||
| 590 | _aWB | ||
| 650 | _aPARKING CHARGES | ||
| 650 | _aPARKING SCHEMES | ||
| 650 | _aLOCAL AUTHORITIES | ||
| 650 | _aNOTTINGHAM | ||
| 650 | _aWORKPLACE PARKING | ||
| 690 | _aTRANSPORT AND COMMUNICATIONS | ||
| 942 | _n0 | ||
| 999 |
_c64105 _d64105 |
||